Statystyki dla Największe miasta w Austrii zawierające literę

Kliknij tutaj aby rozwiązać quiz!

Ogólne statystyki

  • Ten quiz został rozwiązany 41 razy
  • Średni wynik to 16 z 28

Statystyki odpowiedzi

LiteraMiasto% Poprawnych
ŃWiedeń
100%
DWiedeń
100%
EWiedeń
100%
WWiedeń
100%
IWiedeń
100%
BSalzburg
83%
USalzburg
83%
SSalzburg
83%
CInnsbruck
78%
KInnsbruck
78%
AGraz
72%
RGraz
72%
ZGraz
72%
GGraz
72%
LLinz
72%
NLinz
72%
MKlagenfurt am Wörthersee
42%
ÖKlagenfurt am Wörthersee
42%
HKlagenfurt am Wörthersee
42%
TKlagenfurt am Wörthersee
42%
FKlagenfurt am Wörthersee
42%
VVillach
39%
PSankt Pölten
28%
ODornbirn
8%
YSteyr
8%
ÄGänserndorf
3%
ßGratwein-Straßengel
3%
JSankt Johann im Pongau
3%

Rozkład punktacji

Percentyl według liczby udzielonych odpowiedzi

Procent ludzi z każdym wynikiem

Twoja historia wyników

Nie rozwiązałeś tego quizu